Statistics for Songs in Disney's Moana

Click here to take the quiz!

General Stats

  • This quiz has been taken 339 times
  • The average score is 9 of 14

Answer Stats

Song % Correct
How Far I'll Go
92%
How Far I'll Go (Reprise)
92%
How Far I'll Go (Credits)
92%
You're Welcome
91%
You're Welcome (Credits)
91%
Shiny
77%
We Know the Way
56%
I Am Moana (Song of the Ancestors)
56%
We Know the Way (Finale)
56%
Where You Are
53%
Know Who You Are
30%
An Innocent Warrior
26%
Logo Te Pate
24%
Tulou Tagaloa
22%

Score Distribution

Percentile by Number Answered

Percent of People with Each Score

Your Score History

You have not taken this quiz